Pooh / [Board Book] inspired by A. A. Milne ; ... Read More
Available copies
- 0 of 1 copy available at LARL/NWRL Consortium. (Show)
- 0 of 1 copy available at Northwest Regional Library.
Current holds
0 current holds with 1 total copy.
Show Only Available Copies
| Location | Call Number / Copy Notes | Barcode | Shelving Location | Status | Due Date |
|---|---|---|---|---|---|
| Thief River Falls Public Library | e POO (BOARD BOOK) (Text) | 35500004832950 | Main | Checked out | 07/22/2026 |
Record details
- ISBN: 0525462325
- Physical Description: 1 vol. (unpaged) : col. ill. 26 x 29 cm.
- Publisher: New York : Dutton Children's Books, c1999.
Content descriptions
| Summary, etc.: | Large board book tells the story of how Winnie the ... Read More |
Search for related items by subject
| Subject: | Winnie-the-Pooh (Fictitious character) > Juvenile fiction. Bears > Juvenile fiction. Winnie-the-Pooh (Fictitious character) > Fiction. Bears > Fiction. |
| LDR | 01108cam a2200253Ia 4500 | ||
|---|---|---|---|
| 001 | 27779 | ||
| 003 | LARL_NWRL_CONSORTIUM | ||
| 005 | 19991013175426.0 | ||
| 008 | 990701s1999 nyu j 000 0 eng d | ||
| 020 | . | ‡a0525462325 | |
| 035 | . | ‡a(OCoLC)41640660 | |
| 040 | . | ‡aCPG ‡cCPG ‡dIKG | |
| 245 | 0 | 0. | ‡aPooh / ‡h[Board Book] ‡cinspired by A. A. Milne ; illustrations by Ernest H. Shepard. |
| 260 | . | ‡aNew York : ‡bDutton Children's Books, ‡cc1999. | |
| 300 | . | ‡a1 vol. (unpaged) : ‡bcol. ill. ‡c26 x 29 cm. | |
| 520 | . | ‡aLarge board book tells the story of how Winnie the Pooh ate too much honey and became stuck in Rabbit's door. | |
| 650 | 0. | ‡aWinnie-the-Pooh (Fictitious character) ‡vJuvenile fiction. | |
| 650 | 0. | ‡aBears ‡vJuvenile fiction. ‡0(LARL_NWRL_CONSORTIUM)163670 | |
| 650 | 1. | ‡aWinnie-the-Pooh (Fictitious character) ‡vFiction. | |
| 650 | 1. | ‡aBears ‡vFiction. ‡0(LARL_NWRL_CONSORTIUM)168958 | |
| 700 | 1 | . | ‡aMilne, A. A. ‡q(Alan Alexander), ‡d1882-1956. ‡0(LARL_NWRL_CONSORTIUM)4178 |
| 700 | 1 | . | ‡aShepard, Ernest H. ‡q(Ernest Howard), ‡d1879-1976. ‡0(LARL_NWRL_CONSORTIUM)5299 |
| 901 | . | ‡a27779 ‡bOCLC ‡c27779 ‡tbiblio | |

Add to basket
Permalink
Enable Highlighting